INDERBIR SINGH'S TB. OF HUMAN HISTOLOGY (Record no. 15540)

MARC details
000 -LEADER
fixed length control field 00354nam a22001577a 4500
003 - CONTROL NUMBER IDENTIFIER
control field SGT
020 ## - INTERNATIONAL STANDARD BOOK NUMBER
International Standard Book Number 978-93-85999-32-1
082 ## - DEWEY DECIMAL CLASSIFICATION NUMBER
Classification number 611
Item number I16V
100 ## - MAIN ENTRY--PERSONAL NAME
Personal name VASUDEVA, NEELAM
245 ## - TITLE STATEMENT
Title INDERBIR SINGH'S TB. OF HUMAN HISTOLOGY
250 ## - EDITION STATEMENT
Edition statement 8TH
260 ## - PUBLICATION, DISTRIBUTION, ETC. (IMPRINT)
Place of publication, distribution, etc INDIA
Name of publisher, distributor, etc JAYPEE
Year of Publication 2016
300 ## - PAGE DESCRIPTION
No. of Pages 302
650 ## - SUBJECT ADDED ENTRY--TOPICAL TERM
Topical term or geographic name as entry element ANATOMY
942 ## - ADDED ENTRY ELEMENTS (KOHA)
Source of classification or shelving scheme Dewey Decimal Classification
Koha item type Books
942 ## - ADDED ENTRY ELEMENTS (KOHA)
-- 32
Holdings
Withdrawn status Lost status Source of classification or shelving scheme Damaged status Not for loan Collection code Home library Current library Shelving location Date acquired Vendor Name Cost, normal purchase price SGTU Bill Number Total Checkouts Full call number Accession No. (Barcode) Date last seen Date last borrowed Bill Date Koha item type
    Dewey Decimal Classification     MEDICAL SGT Medical Library SGT Medical Library Text Book 13/06/2018 ABC 595.00 SGTU 9732 24 611 I16V FM10663 27/04/2026 08/04/2026 15/05/2018 Books
    Dewey Decimal Classification     MEDICAL SGT Medical Library SGT Medical Library Text Book 13/06/2018 ABC 595.00 SGTU 9732 14 611 I16V FM10664 10/01/2026 24/12/2025 15/05/2018 Books
    Dewey Decimal Classification     MEDICAL SGT Medical Library SGT Medical Library Text Book 13/06/2018 ABC 595.00 SGTU 9732 19 611 I16V FM10665 06/02/2026 03/02/2026 15/05/2018 Books